Online
Catalog

Historia del desarrollo de Barahona : (Record no. 21822)

MARC details
000 -CABECERA
campo de control de longitud fija 01896nam a2200289 a 4500
001 - NÚMERO DE CONTROL
campo de control 000022324
003 - IDENTIFICADOR DEL NÚMERO DE CONTROL
campo de control DO-SdBNP
005 - FECHA Y HORA DE LA ÚLTIMA TRANSACCIÓN
campo de control 20240314200928.0
007 - CAMPO FIJO DE DESCRIPCIÓN FÍSICA--INFORMACIÓN GENERAL
campo de control de longitud fija ta
008 - DATOS DE LONGITUD FIJA--INFORMACIÓN GENERAL
campo de control de longitud fija 100927s1997 dr ac 000 0 spa d
040 ## - FUENTE DE LA CATALOGACIÓN
Centro catalogador/agencia de origen DO-SdBNP
Lengua de catalogación spa
Centro/agencia transcriptor BNPHU
082 #4 - NÚMERO DE LA CLASIFICACIÓN DECIMAL DEWEY
Número de clasificación 972.9324
Número de documento/Ítem L864h 1997
Número de edición 22
100 1# - ENTRADA PRINCIPAL--NOMBRE DE PERSONA
Nombre de persona López Reyes, Oscar
9 (RLIN) 750
245 10 - MENCIÓN DE TÍTULO
Título Historia del desarrollo de Barahona :
Resto del título narración e interpretación /
Mención de responsabilidad, etc. Oscar López Reyes ; prólogo Wilson S. Gómez Ramírez.
250 ## - MENCIÓN DE EDICIÓN
Mención de edición 2a ed.
260 ## - PUBLICACIÓN, DISTRIBUCIÓN, ETC.
Lugar de publicación, distribución, etc. Santo Domingo :
Nombre del editor, distribuidor, etc. Mediabyte,
Fecha de publicación, distribución, etc. [1997?].
300 ## - DESCRIPCIÓN FÍSICA
Extensión xix, 455 p. :
Otras características físicas ilustraciones ;
Dimensiones 21 cm.
504 ## - NOTA DE BIBLIOGRAFÍA, ETC.
Nota de bibliografía, etc. Bibliografía : p. 443-453
505 2# - NOTA DE CONTENIDO CON FORMATO
Nota de contenido con formato Pólogo--
Título Introducción --
-- España en los siglos XV y XVII --
-- Rebelión de Roldán --
-- Alzamiento de Enriquillo --
-- Barahona : origen y fundación --
-- Ocupación haitiana e independencia nacional --
-- Anexión a España y restauración --
-- Etapa de gran desarrollo y confrontación --
-- Barahona adquiere categoría social --
-- Gobierno del padre Nouel en Barahona --
-- Invasión norteamericana --
-- El gobierno de Horacio Vásquez (1924-1930) --
-- La tiranía de Trujillo (1930-61) --
-- Período post-trujillista (1961-1964) --
-- La revolución del 24 abril -- Joaquín Balaguer : 12 años de despotismo ilustrado --
-- Apertura democrático-institucional (1978-1982) --
-- Panorama a finales del siglo XX --
-- Iglesia, política y comunicación --
-- Cultura, arte y literatura --
-- Deportes --
-- Composición geográfica --
-- Bibliografía general.
590 ## - NOTA LOCAL (RLIN)
Nota local Inventariado, 2023/ YL
650 #4 - PUNTO DE ACCESO ADICIONAL DE MATERIA--TÉRMINO DE MATERIA
Término de materia o nombre geográfico como elemento de entrada Ciudades y pueblos
Subdivisión geográfica República Dominicana
9 (RLIN) 784
651 #4 - PUNTO DE ACCESO ADICIONAL DE MATERIA--NOMBRE GEOGRÁFICO
Nombre geográfico Barahona (República Dominicana{Rpara}
Subdivisión general Historia Local
9 (RLIN) 231
651 #4 - PUNTO DE ACCESO ADICIONAL DE MATERIA--NOMBRE GEOGRÁFICO
Nombre geográfico Barahona (República Dominicana{Rpara}
Subdivisión general Vida social y costumbres
9 (RLIN) 782
700 1# - PUNTO DE ACCESO ADICIONAL--NOMBRE DE PERSONA
Nombre de persona Gómez Ramírez, Wilson S
Fechas asociadas al nombre 1953-
9 (RLIN) 46083
910 ## - DATOS DE OPCIÓN DEL USUARIO (OCLC)
Datos de opción del usuario YLockward/ Validado. Control de calidad MMOLINA
942 ## - ELEMENTOS DE PUNTO DE ACCESO ADICIONAL (KOHA)
Fuente del sistema de clasificación o colocación Dewey Decimal Classification
Tipo de ítem Koha Libro
Holdings
Estado de retiro Estado de pérdida Fuente del sistema de clasificación o colocación Restricciones de uso No para préstamo Código de colección Localización permanente Ubicación/localización actual Ubicación en estantería Fecha de adquisición Signatura topográfica completa Código de barras Fecha visto por última vez Número de copia Precio válido a partir de Tipo de ítem Koha Fuente de adquisición
    Dewey Decimal Classification Préstamo en sala   Dominicana de Servicio Biblioteca Nacional Pedro Henríquez Ureña Biblioteca Nacional Pedro Henríquez Ureña Depósito 01.08.2011 BNPHU DS 972.9324 L864h 1997 22324-50 25.06.2020 e. 3 25.06.2020 Libro  
    Dewey Decimal Classification Préstamo en sala   Dominicana de Servicio Biblioteca Nacional Pedro Henríquez Ureña Biblioteca Nacional Pedro Henríquez Ureña Depósito 03.04.2018 BNPHU DS 972.9324 L864h 1997 22324-60 25.06.2020 e. 4 25.06.2020 Libro  
    Dewey Decimal Classification Excluido de préstamo   Patrimonio Dominicano Biblioteca Nacional Pedro Henríquez Ureña Biblioteca Nacional Pedro Henríquez Ureña Depósito 27.09.2010 BNPHU PD 972.9324 L864h 1997 22324-10 25.06.2020   25.06.2020 Libro  
    Dewey Decimal Classification Excluido de préstamo   Patrimonio Dominicano Biblioteca Nacional Pedro Henríquez Ureña Biblioteca Nacional Pedro Henríquez Ureña Depósito 01.08.2011 BNPHU PD 972.9324 L864h 1997 22324-40 25.06.2020 e. 2 25.06.2020 Libro  
    Dewey Decimal Classification Préstamo en sala   Dominicana de Servicio Biblioteca Nacional Pedro Henríquez Ureña Biblioteca Nacional Pedro Henríquez Ureña Depósito 03.04.2018 BNPHU DS 972.9324 L864h 1997 2023-0652 03.02.2023 e. 5 25.06.2020 Libro Donación

Powered by Koha